Isaac Cruikshank's drawings for drolls, (Record no. 23089)
[ view plain ]
| 000 -LEADER | |
|---|---|
| fixed length control field | 00944cam a22002531 4500 |
| 001 - CONTROL NUMBER | |
| control field | 4540815 |
| 005 - DATE AND TIME OF LATEST TRANSACTION | |
| control field | 20170125152914.0 |
| 008 - FIXED-LENGTH DATA ELEMENTS--GENERAL INFORMATION | |
| fixed length control field | 690228s1968 caua c 000 0 eng |
| 010 ## - LIBRARY OF CONGRESS CONTROL NUMBER | |
| LC control number | 68031202 |
| 040 ## - CATALOGING SOURCE | |
| Original cataloging agency | DLC |
| Transcribing agency | DLC |
| Modifying agency | DLC |
| 050 00 - LIBRARY OF CONGRESS CALL NUMBER | |
| Classification number | NC1479.C95 |
| Item number | W3 |
| 100 1# - MAIN ENTRY--PERSONAL NAME | |
| Personal name | Wark, Robert R. |
| 245 10 - TITLE STATEMENT | |
| Title | Isaac Cruikshank's drawings for drolls, |
| Statement of responsibility, etc. | with an introd. and notes by Robert R. Wark. |
| 260 ## - PUBLICATION, DISTRIBUTION, ETC. (IMPRINT) | |
| Place of publication, distribution, etc. | San Marino, Calif., |
| Name of publisher, distributor, etc. | Huntington Library, |
| Date of publication, distribution, etc. | 1968. |
| 300 ## - PHYSICAL DESCRIPTION | |
| Extent | 20, [75] p. |
| Other physical details | illus. |
| Dimensions | 16 x 24 cm. |
| 500 ## - GENERAL NOTE | |
| General note | Catalog of a bound volume of drawings in the collection of the Henry E. Huntington Library. |
| 600 10 - SUBJECT ADDED ENTRY--PERSONAL NAME | |
| Personal name | Cruikshank, Isaac, |
| Dates associated with a name | 1756?-1811? |
| 710 2# - ADDED ENTRY--CORPORATE NAME | |
| Corporate name or jurisdiction name as entry element | Henry E. Huntington Library and Art Gallery. |
| 740 ## - ADDED ENTRY--UNCONTROLLED RELATED/ANALYTICAL TITLE | |
| Uncontrolled related/analytical title | Drawings for drolls. |
| 906 ## - LOCAL DATA ELEMENT F, LDF (RLIN) | |
| a | 7 |
| b | cbc |
| c | orignew |
| d | u |
| e | ncip |
| f | 19 |
| g | y-gencatlg |
| 942 ## - ADDED ENTRY ELEMENTS (KOHA) | |
| Source of classification or shelving scheme | |
| Koha item type | Hard Covered Materials |
| Classification part | NC 1479 .C95W3 1968 |
| Withdrawn status | Lost status | Source of classification or shelving scheme | Damaged status | Not for loan | Home library | Current library | Shelving location | Date acquired | Source of acquisition | Total Checkouts | Full call number | Barcode | Date last seen | Price effective from | Koha item type |
|---|---|---|---|---|---|---|---|---|---|---|---|---|---|---|---|
| MACHAKOS UNIVERSITY LIBRARY | MACHAKOS UNIVERSITY LIBRARY | Open shelf | 25/01/2017 | Donation (B.F.A) | NC 1479 .C95W3 1968 | 30886 | 25/01/2017 | 25/01/2017 | Hard Covered Materials |